Az Emerald Hotel részlegeinek feladatai és együttműködése

Bibliográfiai részletek
Szerző: Kovács Andrea
További közreműködők: Sikó Dr. Botond
Dokumentumtípus: Projektmunka
Kulcsszavak:együttműködés
feladatok
hotel
részlegek
turizmus
Online Access:http://dolgozattar.uni-bge.hu/60229

MARC

LEADER 00000nnm a2200000 i 4500
001 dolg60229
005 20260409150151.0
008 260409suuuu hu o 000 hun d
040 |a BGE Dolgozattár Repozitórium  |b hun 
041 |a hu 
100 1 |a Kovács Andrea 
245 1 3 |a Az Emerald Hotel részlegeinek feladatai és együttműködése  |c Kovács Andrea  |h [elektronikus dokumentum] 
516 |a Project_work 
520 3 |a A dolgozat célja az Emerald Hotel & Suites működésének részletes bemutatása és elemzése esettanulmány és mélyinterjúk segítségével. A kutatás középpontjában a különböző részlegek – például a szobák, recepció, wellness, étterem és housekeeping – működésének vizsgálata áll. Kiemelt figyelmet kap a recepció szerepe és annak lehetősége, hogy a recepciós munka home office keretében is hatékonyan elvégezhető legyen. A gyakorlati tapasztalatok és a szakirodalmi háttér alapján fejlesztési javaslatok is megfogalmazásra kerülnek, amelyek hozzájárulhatnak a szálloda hatékonyabb és rugalmasabb működéséhez a digitalizáció és a munkaerőpiaci változások fényében. 
695 |a együttműködés 
695 |a feladatok 
695 |a hotel 
695 |a részlegek 
695 |a turizmus 
700 1 |a Sikó Dr. Botond  |e ths 
856 4 0 |u http://dolgozattar.uni-bge.hu/60229/1/Az%20Emerald%20Hotel%20re%CC%81szlegeinek%20feladatai%20e%CC%81s%20egyu%CC%88ttmu%CC%8Bko%CC%88de%CC%81se.pdf  |z Dokumentum-elérés 
856 4 0 |u http://dolgozattar.uni-bge.hu/60229/2/Kov%C3%A1cs.pdf  |z Dokumentum-elérés